[Event "Bundesliga 2324"]
[Site "Germany"]
[Date "2024.04.27"]
[Round "14.4"]
[White "Palac, Mladen"]
[Black "Kozul, Zdenko"]
[Result "1/2-1/2"]
[WhiteElo "2487"]
[BlackElo "2533"]
[PlyCount "45"]
[EventDate "2023.10.21"]
[EventType "team-tourn"]
[EventRounds "15"]
[EventCountry "GER"]
[SourceTitle "CB18_2024"]
[SourceDate "2024.05.01"]
[SourceVersion "1"]
[SourceVersionDate "2024.05.01"]
[SourceQuality "2"]
[WhiteTeam "Kirchweyhe"]
[BlackTeam "Deizisau"]
[WhiteTeamCountry "GER"]
[BlackTeamCountry "GER"]

1. e4 c5 2. Nf3 Nc6 3. Bb5 Qc7 4. 0-0 a6 5. Bxc6 dxc6 6. a4 a5 7. d3 e5 8. Na3 Ne7 9. Nh4 Ng6 10. Nxg6 hxg6 11. f4 Bd6 12. Nc4 Be6 13. Nxd6+ Qxd6 14. Kh1 c4 15. dxc4 Qxd1 16. Rxd1 exf4 17. Bxf4 Bxc4 18. Rd4 Be6 19. Rad1 f6 20. Kg1 Ke7 21. c4 Rhd8 22. Rxd8 Rxd8 23. Rxd8 1/2-1/2

[Event "CRO-ch"]
[Site "Zagreb"]
[Date "2023.12.05"]
[Round "1"]
[White "Palac, Mladen"]
[Black "Bukal, Vladimir Jr"]
[Result "0-1"]
[WhiteElo "2478"]
[BlackElo "2337"]
[PlyCount "90"]
[EventDate "2023.12.05"]
[EventType "tourn"]
[EventRounds "11"]
[EventCountry "CRO"]
[EventCategory "9"]
[SourceTitle "CB51_2023"]
[SourceDate "2023.12.20"]
[SourceVersion "1"]
[SourceVersionDate "2023.12.20"]
[SourceQuality "1"]

1. e4 e5 2. Nf3 Nc6 3. Bc4 Nf6 4. d3 h6 5. a4 d6 6. a5 g6 7. a6 Bg7 8. axb7 Bxb7 9. Nc3 0-0 10. 0-0 Kh7 11. Be3 Nb4 12. Bb3 a5 13. Nd2 d5 14. Bc5 Re8 15. Qf3 c6 16. Na4 Bc8 17. Bb6 Qd6 18. c3 Na6 19. Bxa5 Rb8 20. Ba2 Bg4 21. Qg3 Be6 22. Rfe1 Nh5 23. Qf3 Nf4 24. b4 h5 25. h3 f5 26. Qe3 Rf8 27. Nf3 Bh6 28. Qa7+ Rf7 29. Qxa6 fxe4 30. dxe4 Nxg2 31. exd5 Nxe1 32. Rxe1 Bxd5 33. Bxd5 Qxd5 34. Nxe5 Re8 35. Nb6 Qd2 36. Qe2 Qg5+ 37. Kh1 Qf5 38. Kg2 Qg5+ 39. Kh1 Qf5 40. Kg2 Rxe5 41. Qxe5 Qxf2+ 42. Kh1 Qf3+ 43. Kg1 Qf2+ 44. Kh1 Rf3 45. Qe6 Rg3 0-1

[Event "CRO-chT1A 31st"]
[Site "Veli Losinj"]
[Date "2023.10.11"]
[Round "1.3"]
[White "Palac, Mladen"]
[Black "Doric, Darko"]
[Result "1/2-1/2"]
[WhiteElo "2487"]
[BlackElo "2439"]
[PlyCount "77"]
[EventDate "2023.10.11"]
[EventType "team-tourn"]
[EventRounds "7"]
[EventCountry "CRO"]
[SourceTitle "Mega2024 Update 01"]
[Source "Chessbase"]
[SourceDate "2023.11.12"]
[SourceVersion "1"]
[SourceVersionDate "2023.11.12"]
[SourceQuality "1"]
[WhiteTeam "Zagreb Zagreb"]
[BlackTeam "Sveta Nedelja"]
[WhiteTeamCountry "CRO"]
[BlackTeamCountry "CRO"]

1. d4 d5 2. c4 e6 3. Nf3 Nf6 4. g3 Be7 5. Bg2 0-0 6. 0-0 c6 7. Qc2 b6 8. Ne5 a5 9. Rd1 Bb7 10. Bf4 Nh5 11. Be3 Nf6 12. Nd2 Nfd7 13. Ndf3 Nxe5 14. Nxe5 Nd7 15. cxd5 Nxe5 16. d6 Qxd6 17. Bf4 Rac8 18. Bxe5 Qb4 19. Be4 h6 20. a3 Qb5 21. Bh7+ Kh8 22. Bd3 Qd5 23. Be4 Qb5 24. Bd3 Qd5 25. Be4 Qb5 26. Rd3 Qa6 27. Qd2 f6 28. Bf4 f5 29. Bg2 Bf6 30. Be5 c5 31. Bxf6 Rxf6 32. Bxb7 Qxb7 33. dxc5 Rxc5 34. b4 axb4 35. axb4 Rc4 36. Rd4 Rxd4 37. Qxd4 Qc7 38. Rd1 Kh7 39. b5 1/2-1/2

[Event "Split op 12th"]
[Site "Split"]
[Date "2023.08.12"]
[Round "8"]
[White "Palac, Mladen"]
[Black "Zylka, Stanislaw"]
[Result "1-0"]
[WhiteElo "2482"]
[BlackElo "2427"]
[PlyCount "95"]
[EventDate "2023.08.05"]
[EventType "swiss"]
[EventRounds "9"]
[EventCountry "CRO"]
[SourceTitle "CBM 215 Extra"]
[Source "ChessBase"]
[SourceDate "2023.09.30"]
[SourceVersion "1"]
[SourceVersionDate "2023.09.30"]
[SourceQuality "1"]

1. d4 d5 2. c4 e6 3. Nf3 a6 4. Bg5 Be7 5. Bxe7 Qxe7 6. Nbd2 Nf6 7. Rc1 0-0 8. g3 Nc6 9. Bg2 Rd8 10. 0-0 e5 11. dxe5 Nxe5 12. Nxe5 Qxe5 13. cxd5 Nxd5 14. Nc4 Qh5 15. e4 Bg4 16. Qb3 Nb6 17. Nxb6 cxb6 18. Qxb6 Qb5 19. Qxb5 axb5 20. f3 Be6 21. a3 b4 22. axb4 Ra4 23. Rfd1 Rxd1+ 24. Rxd1 g6 25. Rd4 Ra2 26. Rd2 Ra4 27. b5 Bc4 28. b6 Be6 29. f4 Rb4 30. f5 gxf5 31. exf5 Bxf5 32. Bxb7 Rxb6 33. Bd5 Kg7 34. Kf2 Kf6 35. Ke3 Bg6 36. Kd4 Rb8 37. Kc5 Rc8+ 38. Bc6 Be4 39. Rd6+ Ke5 40. b4 f5 41. b5 h5 42. Rh6 Bf3 43. b6 Bxc6 44. Rxc6 Rb8 45. Rc7 Ke4 46. b7 Kf3 47. Kb6 Kg2 48. Rc2+ 1-0

[Event "Split op 12th"]
[Site "Split"]
[Date "2023.08.05"]
[Round "1"]
[White "Dejanovic, Tereza"]
[Black "Palac, Mladen"]
[Result "0-1"]
[WhiteElo "1863"]
[BlackElo "2482"]
[PlyCount "58"]
[EventDate "2023.08.05"]
[EventType "swiss"]
[EventRounds "9"]
[EventCountry "CRO"]
[SourceTitle "CBM 215 Extra"]
[Source "ChessBase"]
[SourceDate "2023.09.30"]
[SourceVersion "1"]
[SourceVersionDate "2023.09.30"]
[SourceQuality "1"]

1. e4 c5 2. c3 Nf6 3. e5 Nd5 4. d4 cxd4 5. Nf3 Nc6 6. cxd4 d6 7. Bc4 Nb6 8. Bb3 dxe5 9. dxe5 Qxd1+ 10. Bxd1 g6 11. 0-0 Bg7 12. Re1 0-0 13. Bd2 Bg4 14. Bc3 Nd5 15. Nbd2 Nxc3 16. bxc3 Rfd8 17. h3 Bxf3 18. Nxf3 e6 19. Rb1 b6 20. Ba4 Na5 21. Nd4 Rac8 22. Nb5 Rc4 23. Rb4 Rc5 24. f4 a6 25. Nd6 b5 26. Ne4 Bf8 27. Bd1 Rxc3 28. Rxb5 axb5 29. Nxc3 Bb4 0-1

[Event "CRO Cup"]
[Site "Mali Losinj"]
[Date "2023.05.13"]
[Round "5.5"]
[White "Karlusic, Luka"]
[Black "Palac, Mladen"]
[Result "1/2-1/2"]
[WhiteElo "2225"]
[BlackElo "2487"]
[PlyCount "30"]
[EventDate "2023.05.10"]
[EventType "team-swiss"]
[EventRounds "6"]
[EventCountry "CRO"]
[SourceTitle "CBM 214 Extra"]
[Source "ChessBase"]
[SourceDate "2023.07.31"]
[SourceVersion "1"]
[SourceVersionDate "2023.07.31"]
[SourceQuality "1"]
[WhiteTeam "Zagreb Caissa"]
[BlackTeam "Zagreb CC"]
[WhiteTeamCountry "CRO"]
[BlackTeamCountry "CRO"]

1. d4 Nf6 2. c4 e6 3. Nc3 Bb4 4. Qc2 d5 5. cxd5 exd5 6. Bg5 h6 7. Bxf6 Qxf6 8. a3 Bxc3+ 9. Qxc3 0-0 10. e3 c6 11. Nf3 Re8 12. Be2 Bg4 13. 0-0 Nd7 14. b4 Qe7 15. a4 Rec8 1/2-1/2

[Event "CRO Cup"]
[Site "Mali Losinj"]
[Date "2023.05.11"]
[Round "3.2"]
[White "Jovanovic, Zoran"]
[Black "Palac, Mladen"]
[Result "1/2-1/2"]
[WhiteElo "2515"]
[BlackElo "2487"]
[PlyCount "32"]
[EventDate "2023.05.10"]
[EventType "team-swiss"]
[EventRounds "6"]
[EventCountry "CRO"]
[SourceTitle "CBM 214 Extra"]
[Source "ChessBase"]
[SourceDate "2023.07.31"]
[SourceVersion "1"]
[SourceVersionDate "2023.07.31"]
[SourceQuality "1"]
[WhiteTeam "Zagreb Mladost"]
[BlackTeam "Zagreb CC"]
[WhiteTeamCountry "CRO"]
[BlackTeamCountry "CRO"]

1. e4 c5 2. Nf3 d6 3. d4 cxd4 4. Qxd4 Nf6 5. Nc3 Nc6 6. Bb5 Bd7 7. Bxc6 Bxc6 8. Bg5 e6 9. 0-0-0 Be7 10. Rhe1 Qa5 11. Qd2 0-0 12. Kb1 Rfd8 13. Nd5 Qxd2 14. Nxe7+ Kf8 15. Nxd2 Kxe7 16. f3 h6 1/2-1/2

[Event "Bundesliga 2223"]
[Site "Germany"]
[Date "2023.04.29"]
[Round "14.6"]
[White "Heinemann, Thies"]
[Black "Palac, Mladen"]
[Result "1/2-1/2"]
[WhiteElo "2484"]
[BlackElo "2516"]
[PlyCount "27"]
[EventDate "2022.10.21"]
[EventType "team-tourn"]
[EventRounds "15"]
[EventCountry "GER"]
[SourceTitle "CBM 213 Extra"]
[Source "ChessBase"]
[SourceDate "2023.05.31"]
[SourceVersion "1"]
[SourceVersionDate "2023.05.31"]
[SourceQuality "1"]
[WhiteTeam "Hamburger SK"]
[BlackTeam "Kirchweyhe"]
[WhiteTeamCountry "GER"]
[BlackTeamCountry "GER"]

1. e4 c5 2. Nf3 d6 3. Bb5+ Nd7 4. d4 cxd4 5. Qxd4 a6 6. Be2 Ngf6 7. 0-0 e5 8. Qe3 Ng4 9. Qd2 Nc5 10. Nc3 Nf6 11. Qe3 Ng4 12. Qd2 Nf6 13. Qe3 Ng4 14. Qd2 1/2-1/2

[Event "AUT-chT2W 2223"]
[Site "Austria"]
[Date "2023.04.23"]
[Round "11.4"]
[White "Palac, Mladen"]
[Black "Matt, Stefan"]
[Result "1/2-1/2"]
[WhiteElo "2516"]
[BlackElo "2203"]
[PlyCount "81"]
[EventDate "2022.09.23"]
[EventType "team-tourn"]
[EventRounds "11"]
[EventCountry "AUT"]
[SourceTitle "EXT 2024"]
[Source "ChessBase"]
[SourceDate "2023.10.10"]
[SourceVersion "1"]
[SourceVersionDate "2023.10.10"]
[SourceQuality "1"]
[WhiteTeam "Schwarzach"]
[BlackTeam "Pradl"]
[WhiteTeamCountry "AUT"]
[BlackTeamCountry "AUT"]

1. d4 f5 2. Bg5 h6 3. Bh4 g5 4. e3 Bg7 5. Bg3 c5 6. Be5 Bxe5 7. dxe5 Qb6 8. b3 Nc6 9. f4 Qb4+ 10. Qd2 gxf4 11. exf4 Qxd2+ 12. Kxd2 d5 13. Nc3 Be6 14. Bb5 Rc8 15. Nf3 a6 16. Bxc6+ Rxc6 17. Rhb1 d4 18. Ne2 Bc8 19. b4 b6 20. a4 a5 21. bxc5 bxc5 22. c3 dxc3+ 23. Nxc3 e6 24. Nb5 Ne7 25. Nd6+ Kd7 26. Nc4 Nd5 27. Nxa5 Rc7 28. Nc4 Nxf4 29. a5 Ba6 30. Ra4 Bxc4 31. Rxc4 Nd5 32. Rb5 Rhc8 33. g3 Nb4 34. Ke2 Na6 35. Nd2 Rb8 36. Rxb8 Nxb8 37. Rh4 Kc6 38. Rxh6 Kd5 39. Nf3 Nc6 40. Rh4 Nd4+ 41. Ke3 1/2-1/2

[Event "Mitropa Cup"]
[Site "Mali Losinj"]
[Date "2023.04.16"]
[Round "6.1"]
[White "Lagarde, Maxime"]
[Black "Palac, Mladen"]
[Result "1/2-1/2"]
[WhiteElo "2579"]
[BlackElo "2489"]
[PlyCount "68"]
[EventDate "2023.04.11"]
[EventType "team-tourn"]
[EventRounds "9"]
[EventCountry "CRO"]
[SourceTitle "CBM 213 Extra"]
[Source "ChessBase"]
[SourceDate "2023.05.31"]
[SourceVersion "1"]
[SourceVersionDate "2023.05.31"]
[SourceQuality "1"]
[WhiteTeam "France"]
[BlackTeam "Croatia"]
[WhiteTeamCountry "FRA"]
[BlackTeamCountry "CRO"]

1. e4 c5 2. Nf3 d6 3. d4 cxd4 4. Nxd4 Nf6 5. Nc3 a6 6. Rg1 h5 7. Be3 e6 8. Qd2 b5 9. a3 Bb7 10. f3 Nbd7 11. 0-0-0 Rc8 12. Kb1 Be7 13. Bf2 Ne5 14. h3 Nfd7 15. f4 Nc4 16. Bxc4 Rxc4 17. g4 hxg4 18. hxg4 Nf6 19. Rh1 Rg8 20. g5 Nxe4 21. Nxe4 Bxe4 22. Rh3 d5 23. Qe2 Qc8 24. Re3 Rh8 25. b3 Rc7 26. Rxe4 dxe4 27. Qxe4 Qb7 28. Qe5 Rh1 29. Rxh1 Qxh1+ 30. Kb2 Kd7 31. Qxg7 Bxa3+ 32. Kxa3 Qa1+ 33. Kb4 Qc3+ 34. Ka3 Qa1+ 1/2-1/2

[Event "Mitropa Cup"]
[Site "Mali Losinj"]
[Date "2023.04.13"]
[Round "3.1"]
[White "Dotzer, Lukas"]
[Black "Palac, Mladen"]
[Result "0-1"]
[WhiteElo "2416"]
[BlackElo "2489"]
[PlyCount "94"]
[EventDate "2023.04.11"]
[EventType "team-tourn"]
[EventRounds "9"]
[EventCountry "CRO"]
[SourceTitle "CBM 213 Extra"]
[Source "ChessBase"]
[SourceDate "2023.05.31"]
[SourceVersion "1"]
[SourceVersionDate "2023.05.31"]
[SourceQuality "1"]
[WhiteTeam "Austria"]
[BlackTeam "Croatia"]
[WhiteTeamCountry "AUT"]
[BlackTeamCountry "CRO"]

1. e4 c5 2. Nf3 d6 3. d4 cxd4 4. Nxd4 Nf6 5. Nc3 a6 6. f3 e5 7. Nb3 Be6 8. Be3 h5 9. Nd5 Bxd5 10. exd5 Nbd7 11. Be2 g6 12. Qd2 Bg7 13. 0-0 b6 14. c4 0-0 15. Rac1 Re8 16. Bg5 Qc7 17. Qe3 Nh7 18. Bh6 f5 19. Bxg7 Kxg7 20. Qc3 Nhf6 21. Nd2 a5 22. g4 hxg4 23. fxg4 fxg4 24. Qg3 Nh5 25. Qxg4 Nf4 26. Ne4 Nc5 27. Ng3 Rh8 28. Nf5+ Kf6 29. Nh4 Qh7 30. Rxf4+ exf4 31. Qxf4+ Kg7 32. Nf3 Qh6 33. Qd4+ Kg8 34. Rf1 Rf8 35. Qg4 Rf4 36. Qc8+ Kg7 37. Qc7+ Rf7 38. Qxb6 Qe3+ 39. Rf2 Rxh2 40. Nxh2 Qxf2+ 41. Kh1 Qxe2 42. Qxd6 Qe4+ 43. Kg1 Qb1+ 44. Kg2 Qxb2+ 45. Kh3 Ne4 46. Qd8 Qc3+ 47. Kg2 Qg3+ 0-1

[Event "Bundesliga 2223"]
[Site "Germany"]
[Date "2023.04.02"]
[Round "13.7"]
[White "Petrov, Martin"]
[Black "Palac, Mladen"]
[Result "1/2-1/2"]
[WhiteElo "2530"]
[BlackElo "2516"]
[PlyCount "81"]
[EventDate "2022.10.21"]
[EventType "team-tourn"]
[EventRounds "15"]
[EventCountry "GER"]
[SourceTitle "CBM 213 Extra"]
[Source "ChessBase"]
[SourceDate "2023.05.31"]
[SourceVersion "1"]
[SourceVersionDate "2023.05.31"]
[SourceQuality "1"]
[WhiteTeam "Deggendorf"]
[BlackTeam "Kirchweyhe"]
[WhiteTeamCountry "GER"]
[BlackTeamCountry "GER"]

1. e4 c5 2. Nf3 d6 3. d4 cxd4 4. Nxd4 Nf6 5. Nc3 a6 6. Bd3 e5 7. Nde2 Be7 8. 0-0 0-0 9. Ng3 Be6 10. Nd5 Bxd5 11. exd5 g6 12. a4 Qc7 13. c4 a5 14. f4 exf4 15. Bxf4 Nbd7 16. Kh1 Rfe8 17. Rc1 Nc5 18. Bc2 Bf8 19. Bg5 Nfd7 20. Nh5 Ne4 21. Bxe4 Rxe4 22. Rxf7 Kxf7 23. Qf3+ Kg8 24. Rf1 gxh5 25. Qf7+ Kh8 26. Bf6+ Nxf6 27. Qxc7 Rae8 28. Qxa5 Rxc4 29. Qb5 Ree4 30. g4 Rb4 31. Qa5 Bg7 32. gxh5 h6 33. Qc7 Rxb2 34. Qxd6 Nxh5 35. Qc7 Nf6 36. d6 Ree2 37. Qc8+ Kh7 38. Qf5+ Kg8 39. Qc8+ Kh7 40. Qf5+ Kg8 41. Qc8+ 1/2-1/2

[Event "Bundesliga 2223"]
[Site "Germany"]
[Date "2023.04.01"]
[Round "12.8"]
[White "Palac, Mladen"]
[Black "Ciolek, Andreas"]
[Result "1-0"]
[WhiteElo "2516"]
[BlackElo "2301"]
[PlyCount "73"]
[EventDate "2022.10.21"]
[EventType "team-tourn"]
[EventRounds "15"]
[EventCountry "GER"]
[SourceTitle "CBM 213 Extra"]
[Source "ChessBase"]
[SourceDate "2023.05.31"]
[SourceVersion "1"]
[SourceVersionDate "2023.05.31"]
[SourceQuality "1"]
[WhiteTeam "Kirchweyhe"]
[BlackTeam "Muenchen 36"]
[WhiteTeamCountry "GER"]
[BlackTeamCountry "GER"]

1. Nf3 c5 2. c4 Nf6 3. Nc3 Nc6 4. g3 g6 5. d4 Bg7 6. Bg2 0-0 7. dxc5 Qa5 8. 0-0 Qxc5 9. b3 d6 10. Bd2 Qh5 11. Ne1 Bh3 12. Nd3 Bxg2 13. Kxg2 Rfd8 14. f3 d5 15. Nf4 Qe5 16. cxd5 Nb4 17. e4 e6 18. a3 Na6 19. Rc1 exd5 20. Nfxd5 Nxd5 21. Nxd5 Qb2 22. b4 b5 23. Qe2 Qxa3 24. Qxb5 Rab8 25. Qc4 Qa4 26. Rc2 Qb5 27. Qxb5 Rxb5 28. Ra2 Rd6 29. Rc1 Bd4 30. Rc4 Be5 31. Bh6 Rb8 32. Ne7+ Kh8 33. b5 Re6 34. Nd5 g5 35. Rxa6 Rxh6 36. Rxh6 f6 37. Ne7 1-0

[Event "Bundesliga 2223"]
[Site "Germany"]
[Date "2023.03.18"]
[Round "10.4"]
[White "Geirnaert, Steven"]
[Black "Palac, Mladen"]
[Result "1-0"]
[WhiteElo "2399"]
[BlackElo "2516"]
[PlyCount "117"]
[EventDate "2022.10.21"]
[EventType "team-tourn"]
[EventRounds "15"]
[EventCountry "GER"]
[SourceTitle "CBM 213 Extra"]
[Source "ChessBase"]
[SourceDate "2023.05.31"]
[SourceVersion "1"]
[SourceVersionDate "2023.05.31"]
[SourceQuality "1"]
[WhiteTeam "Remagen Sinzig"]
[BlackTeam "Kirchweyhe"]
[WhiteTeamCountry "GER"]
[BlackTeamCountry "GER"]

1. d4 Nf6 2. c4 e6 3. Nc3 Bb4 4. e3 0-0 5. Bd3 d5 6. Nf3 b6 7. 0-0 Ba6 8. Qe2 c5 9. Rd1 cxd4 10. exd4 Bxc3 11. bxc3 dxc4 12. Bxc4 Bxc4 13. Qxc4 Qd5 14. Qe2 Rc8 15. Bd2 Nbd7 16. Be1 Ne4 17. Rd3 b5 18. Re3 Nd6 19. Rb1 Nc4 20. Re4 a6 21. h4 Nf6 22. Rf4 Nh5 23. Re4 f5 24. Ng5 g6 25. Qf3 e5 26. Rxe5 Qxf3 27. Nxf3 Nxe5 28. Nxe5 Nf4 29. Kf1 Ra7 30. Rb3 Nd5 31. Nd3 Rc4 32. Nb2 Rc6 33. Nd3 Nb6 34. Bd2 Na4 35. Ke2 Nb6 36. Nb4 Re6+ 37. Kd3 Nc4 38. Be3 Re4 39. h5 Nxe3 40. fxe3 Rg4 41. Rb2 Kg7 42. hxg6 hxg6 43. Nd5 Rd7 44. c4 g5 45. Rf2 bxc4+ 46. Kxc4 Kg6 47. a4 Rh4 48. Rb2 Rh1 49. Rb6+ Kg7 50. Nb4 Rg1 51. Nxa6 Rxg2 52. Nc5 Re7 53. Ne6+ Kf7 54. d5 Rg4+ 55. Kc5 Ra7 56. Nd8+ Ke8 57. Nc6 Raxa4 58. Rb8+ Kd7 59. Rd8+ 1-0

[Event "HUN-chT 2223"]
[Site "Hungary"]
[Date "2022.12.04"]
[Round "2.2"]
[White "Palac, Mladen"]
[Black "Volokitin, Andrei"]
[Result "0-1"]
[WhiteElo "2509"]
[BlackElo "2663"]
[PlyCount "124"]
[EventDate "2022.11.20"]
[EventType "team-tourn"]
[EventRounds "9"]
[EventCountry "HUN"]
[SourceTitle "CBM 211 Extra"]
[Source "ChessBase"]
[SourceDate "2023.01.31"]
[SourceVersion "1"]
[SourceVersionDate "2023.01.31"]
[SourceQuality "1"]
[WhiteTeam "Haladas"]
[BlackTeam "Aquaprofit"]
[WhiteTeamCountry "HUN"]
[BlackTeamCountry "HUN"]

1. e4 c5 2. Nf3 d6 3. d4 cxd4 4. Nxd4 Nf6 5. Nc3 a6 6. Bd3 e5 7. Nde2 Be7 8. 0-0 0-0 9. Ng3 Be6 10. Nd5 Bxd5 11. exd5 g6 12. c4 Nbd7 13. b3 Qb8 14. a4 a5 15. Kh1 Ne8 16. Bh6 Ng7 17. f4 f5 18. fxe5 Nxe5 19. Bxg7 Kxg7 20. Ne2 Nd7 21. Nd4 Nc5 22. Bxf5 Bf6 23. Bc2 Qc7 24. Qd2 Rae8 25. Rae1 Rxe1 26. Rxe1 Bxd4 27. Qxd4+ Kg8 28. Kg1 Qg7 29. Qxg7+ Kxg7 30. Re7+ Rf7 31. Rxf7+ Kxf7 32. Kf2 Kf6 33. Ke3 Ke5 34. h4 b6 35. g4 Nd7 36. g5 Nc5 37. Kf3 Kd4 38. h5 Nd3 39. hxg6 hxg6 40. Ke2 Ne5 41. Kd2 Nf3+ 42. Ke2 Nxg5 43. Bxg6 Kc3 44. Be8 Ne4 45. Ke3 Nc5 46. Kf4 Kxb3 47. Kf5 Kxc4 48. Bc6 Kd4 49. Kf6 Ne4+ 50. Ke6 Kc5 51. Kd7 Nc3 52. Kc7 Nxd5+ 53. Bxd5 Kxd5 54. Kxb6 Kc4 55. Kxa5 Kc5 56. Ka6 d5 57. a5 d4 58. Kb7 d3 59. a6 d2 60. a7 d1Q 61. a8Q Qd7+ 62. Kb8 Kb6 0-1

[Event "Bundesliga 2223"]
[Site "Germany"]
[Date "2022.11.27"]
[Round "4.7"]
[White "Palac, Mladen"]
[Black "Gustafsson, Jan"]
[Result "1/2-1/2"]
[WhiteElo "2516"]
[BlackElo "2638"]
[PlyCount "40"]
[EventDate "2022.10.21"]
[EventType "team-tourn"]
[EventRounds "15"]
[EventCountry "GER"]
[SourceTitle "CBM 211"]
[Source "ChessBase"]
[SourceDate "2022.12.31"]
[SourceVersion "1"]
[SourceVersionDate "2022.12.31"]
[SourceQuality "1"]
[WhiteTeam "Kirchweyhe"]
[BlackTeam "Baden-Baden"]
[WhiteTeamCountry "GER"]
[BlackTeamCountry "GER"]

1. e4 e5 2. Nf3 Nc6 3. Bb5 a6 4. Ba4 Nf6 5. 0-0 Be7 6. d3 b5 7. Bb3 0-0 8. Nc3 d6 9. a3 Na5 10. Ba2 Be6 11. b4 Bxa2 12. Rxa2 Nc6 13. Bg5 h6 14. Bxf6 Bxf6 15. Nd5 Nd4 16. Nxd4 exd4 17. a4 c6 18. Nxf6+ Qxf6 19. Qa1 Rab8 20. axb5 axb5 1/2-1/2

[Event "Bundesliga 2223"]
[Site "Germany"]
[Date "2022.10.22"]
[Round "1.6"]
[White "Palac, Mladen"]
[Black "Van Wely, Loek"]
[Result "0-1"]
[WhiteElo "2516"]
[BlackElo "2629"]
[PlyCount "78"]
[EventDate "2022.10.21"]
[EventType "team-tourn"]
[EventRounds "15"]
[EventCountry "GER"]
[SourceTitle "CBM 211"]
[Source "ChessBase"]
[SourceDate "2022.12.31"]
[SourceVersion "1"]
[SourceVersionDate "2022.12.31"]
[SourceQuality "1"]
[WhiteTeam "Kirchweyhe"]
[BlackTeam "Solingen"]
[WhiteTeamCountry "GER"]
[BlackTeamCountry "GER"]

1. e4 c5 2. Nf3 e6 3. d4 cxd4 4. Nxd4 Nc6 5. Nc3 a6 6. Bf4 d6 7. Nxc6 bxc6 8. Qd2 e5 9. Bg3 Nf6 10. 0-0-0 Be7 11. Bc4 0-0 12. Bh4 Be6 13. Bb3 a5 14. Bxf6 gxf6 15. f4 exf4 16. Qxf4 Kh8 17. Kb1 Rg8 18. Rd2 Rb8 19. Rf1 Rb4 20. Qf3 Qb8 21. Ne2 a4 22. c3 Rxb3 23. axb3 axb3 24. c4 Bxc4 25. Rfd1 c5 26. Nc3 Be6 27. Nd5 Bf8 28. Qc3 Bg7 29. Qc4 f5 30. Rd3 fxe4 31. Rxb3 Qc8 32. Re3 f5 33. g4 fxg4 34. Kc1 Qb7 35. Re2 Ra8 36. Qxe4 Ra1+ 37. Kd2 Rxd1+ 38. Kxd1 Qxd5+ 39. Qxd5 Bxd5 0-1

[Event "Zagreb Peace"]
[Site "Zagreb"]
[Date "2022.10.14"]
[Round "3"]
[White "Santos Latasa, Jaime"]
[Black "Palac, Mladen"]
[Result "1-0"]
[WhiteElo "2677"]
[BlackElo "2516"]
[PlyCount "109"]
[EventDate "2022.10.12"]
[EventType "tourn"]
[EventRounds "9"]
[EventCountry "CRO"]
[EventCategory "14"]
[SourceTitle "CBM 210 Extra"]
[Source "ChessBase"]
[SourceDate "2022.11.30"]
[SourceVersion "1"]
[SourceVersionDate "2022.11.30"]
[SourceQuality "1"]

1. e4 c5 2. Nf3 d6 3. d4 cxd4 4. Nxd4 Nf6 5. Nc3 a6 6. Be3 e5 7. Nb3 Be6 8. Qd2 Be7 9. h3 Nbd7 10. 0-0-0 b5 11. g4 h6 12. f4 b4 13. Nd5 Nxe4 14. Qxb4 Bxd5 15. Rxd5 Ng3 16. Rg1 Nxf1 17. Rxf1 0-0 18. Kb1 Qc7 19. Rd3 Rfc8 20. Rc3 Qb8 21. Rxc8+ Qxc8 22. Na5 Rb8 23. Qc4 Qxc4 24. Nxc4 Rc8 25. b3 exf4 26. Bxf4 d5 27. Ne3 Nb6 28. a4 d4 29. a5 Na4 30. Nf5 Nc3+ 31. Kb2 Bb4 32. Bd6 Bxd6 33. Nxd6 Rd8 34. Nc4 f6 35. Rf5 Ne4 36. b4 Kf8 37. b5 g6 38. Rf4 axb5 39. Nb6 Nc5 40. Rxf6+ Kg7 41. Rc6 Na6 42. Nd7 Rxd7 43. Rxa6 d3 44. cxd3 Rxd3 45. Rb6 Rxh3 46. a6 Rh2+ 47. Kb3 Rh1 48. Kb4 Ra1 49. Kxb5 Ra2 50. Rd6 Kf7 51. Kb6 h5 52. gxh5 gxh5 53. a7 h4 54. Kb7 Ke7 55. Ra6 1-0

[Event "CRO-chT1A 30th"]
[Site "Porec"]
[Date "2022.09.27"]
[Round "4.3"]
[White "Christiansen, Johan Sebastian"]
[Black "Palac, Mladen"]
[Result "0-1"]
[WhiteElo "2583"]
[BlackElo "2516"]
[PlyCount "142"]
[EventDate "2022.09.24"]
[EventType "team-tourn"]
[EventRounds "9"]
[EventCountry "CRO"]
[SourceTitle "CBM 210 Extra"]
[Source "ChessBase"]
[SourceDate "2022.11.30"]
[SourceVersion "1"]
[SourceVersionDate "2022.11.30"]
[SourceQuality "1"]
[WhiteTeam "Solin Cemex"]
[BlackTeam "Zagreb Zagreb"]
[WhiteTeamCountry "CRO"]
[BlackTeamCountry "CRO"]

1. e4 c5 2. Nf3 d6 3. d4 cxd4 4. Nxd4 Nf6 5. Nc3 a6 6. Be3 Ng4 7. Bc1 Nf6 8. f3 e6 9. Be3 b5 10. Bd3 Bb7 11. 0-0 Nbd7 12. a3 Be7 13. Qe2 0-0 14. Bf2 Qc7 15. Rae1 Nc5 16. Nd1 Rfe8 17. b4 Nxd3 18. cxd3 Rac8 19. Be3 d5 20. Nf2 Bd6 21. g3 Nd7 22. Rc1 Qb8 23. Nb3 e5 24. Bc5 Nxc5 25. Nxc5 Bxc5 26. Rxc5 Rxc5 27. bxc5 Qc7 28. Rc1 d4 29. Ng4 Bc6 30. Qd2 f6 31. h4 a5 32. h5 h6 33. Nh2 Bd7 34. g4 Be6 35. Nf1 Rb8 36. Rb1 Kh7 37. Qc2 b4 38. axb4 axb4 39. Nd2 Rb5 40. c6 Rb6 41. Qa4 Rxc6 42. Qxb4 Rc3 43. Qb5 Bd7 44. Qa6 Rc1+ 45. Rxc1 Qxc1+ 46. Nf1 Qb1 47. Kg2 Bb5 48. Qc8 Qa2+ 49. Kh3 Bxd3 50. Ng3 Ba6 51. Qe8 Qg8 52. Qe7 Bc8 53. Qc7 Be6 54. Kg2 Qa8 55. Qd6 Qa2+ 56. Kg1 Qb3 57. Kf2 Qc2+ 58. Kg1 d3 59. Nf1 Bg8 60. g5 fxg5 61. Qb4 Qe2 62. Nd2 Be6 63. Qd6 Bf7 64. Qxe5 Bxh5 65. Qa5 Bf7 66. Qf5+ Bg6 67. Qa5 g4 68. fxg4 Qe1+ 69. Kh2 Bxe4 70. Kh3 Qe3+ 71. Kh2 Qf2+ 0-1

[Event "CRO-chT1A 30th"]
[Site "Porec"]
[Date "2022.09.26"]
[Round "3.4"]
[White "Palac, Mladen"]
[Black "Bosiocic, Marin"]
[Result "1-0"]
[WhiteElo "2516"]
[BlackElo "2548"]
[PlyCount "85"]
[EventDate "2022.09.24"]
[EventType "team-tourn"]
[EventRounds "9"]
[EventCountry "CRO"]
[SourceTitle "CBM 210 Extra"]
[Source "ChessBase"]
[SourceDate "2022.11.30"]
[SourceVersion "1"]
[SourceVersionDate "2022.11.30"]
[SourceQuality "1"]
[WhiteTeam "Zagreb Zagreb"]
[BlackTeam "Sesvete Agroproteinka"]
[WhiteTeamCountry "CRO"]
[BlackTeamCountry "CRO"]

1. e4 c5 2. Nf3 Nc6 3. Bb5 e6 4. 0-0 Nge7 5. Re1 a6 6. Bf1 d5 7. exd5 Nxd5 8. d4 Nf6 9. Be3 Be7 10. c4 0-0 11. Nc3 cxd4 12. Nxd4 Ne5 13. h3 Bd7 14. Rc1 Rc8 15. Qb3 Qc7 16. Na4 Rcd8 17. Qb6 Qc8 18. Qa5 Bd6 19. Nb6 Qb8 20. Qc3 Bc6 21. b4 Be4 22. c5 Bc7 23. b5 axb5 24. Bxb5 Ng6 25. Bg5 Bxb6 26. cxb6 Qe5 27. Bxf6 gxf6 28. Rcd1 Nf4 29. Bf1 Kh8 30. f3 Rc8 31. Qd2 Rg8 32. Kh1 Nxh3 33. gxh3 Qg3 34. Qg2 Qb8 35. Qh2 Qxh2+ 36. Kxh2 Bd5 37. Rd2 Rc3 38. Bg2 Ra3 39. Nb5 Ra5 40. Nc3 Bc6 41. f4 Rc8 42. Bxc6 Rxc6 43. Rg1 1-0